Normal view
MARC view
- Sherman, Dennis
Entry Personal Name
001 - CONTROL NUMBER
- control field: 133981
003 - CONTROL NUMBER IDENTIFIER
- control field: NUST
005 - DATE AND TIME OF LATEST TRANSACTION
- control field: 20260408115625.0
008 - FIXED-LENGTH DATA ELEMENTS
- fixed length control field: 260408|| aca||aabn | a|a d
040 ## - CATALOGING SOURCE
- Original cataloging agency: NUST
- Transcribing agency: NUST
100 ## - HEADING--PERSONAL NAME
- Personal name: Sherman, Dennis
670 ## - SOURCE DATA FOUND
- Source citation: Work cat.: (NUST): Sherman, Dennis., Western civilization : sources, images, and interpretations /, 1995.
